<?xml version="1.0" encoding="UTF-8"?>
<collection xmlns="http://www.loc.gov/MARC21/slim">
 <record>
  <leader>00598nam a22001455a 4500</leader>
  <controlfield tag="001">EUN.um020718</controlfield>
  <controlfield tag="003">AR-BaUNS</controlfield>
  <controlfield tag="005">20050623122900.0</controlfield>
  <controlfield tag="008">041125s1972####ag############000#0#spa#d</controlfield>
  <datafield tag="245" ind1="1" ind2="0">
   <subfield code="a">Comisión de geomorfología aplicada :</subfield>
   <subfield code="b">subcomisión de mapeo geomorfológico /</subfield>
   <subfield code="c">Reunión. 5. Traducido del francés por Augusto P. Calmels y Olga C. Carballo.</subfield>
  </datafield>
  <datafield tag="260" ind1=" " ind2=" ">
   <subfield code="a">Bahía Blanca :</subfield>
   <subfield code="b">Universidad Nacional del Sur, Departamento de Geología,</subfield>
   <subfield code="c">1972.</subfield>
  </datafield>
  <datafield tag="300" ind1=" " ind2=" ">
   <subfield code="a">2 p.</subfield>
  </datafield>
  <datafield tag="082" ind1="0" ind2="4">
   <subfield code="a">551.4</subfield>
  </datafield>
  <datafield tag="110" ind1="2" ind2=" ">
   <subfield code="a">Reunión. 5</subfield>
   <subfield code="c">Checoslovaquia, 1965.</subfield>
  </datafield>
  <datafield tag="859" ind1=" " ind2=" ">
   <subfield code="a">Ar-BaUNS</subfield>
   <subfield code="b">BIB. CENTRAL - Sector C</subfield>
   <subfield code="h">551.4</subfield>
   <subfield code="i">R318</subfield>
   <subfield code="p">63855/972</subfield>
   <subfield code="v">5</subfield>
  </datafield>
 </record>
</collection>
